Statistics for Voweless Star Wars: The Last Jedi characters

Click here to take the quiz!

General Stats

  • This quiz has been taken 166 times
  • The average score is 9 of 12

Answer Stats

HintAnswer% Correct
Lk SkywlkrLuke Skywalker
99%
Kyl RnKylo Ren
98%
FnnFinn
97%
ChwbccChewbacca
96%
RyRey
94%
P DmrnPoe Dameron
90%
Cptn PhsmCaptain Phasma
88%
SnkSnoke
81%
L rgnLeia Organa
73%
Rs TcRose Tico
66%
rmtg HxArmitage Hux
42%
Gl ckbrGial Ackbar
20%

Score Distribution

Percentile by Number Answered

Percent of People with Each Score

Your Score History

You have not taken this quiz